[Event "Leverkusen Bayer op 10th"]
[Site "Leverkusen"]
[Date "2012.03.28"]
[Round "7"]
[White "Balduan, Karl Heinz"]
[Black "Longerich, Hans Peter"]
[Result "0-1"]
[WhiteElo "1535"]
[BlackElo "1320"]
[PlyCount "112"]
[EventDate "2012.01.11"]
[EventType "swiss"]
[EventRounds "7"]
[EventCountry "GER"]
[SourceTitle "EXT 2014"]
[Source "ChessBase"]
[SourceDate "2013.11.20"]
[SourceVersion "1"]
[SourceVersionDate "2013.11.20"]
[SourceQuality "1"]

1. d4 Nf6 2. Nf3 g6 3. Bf4 Bg7 4. e3 d6 5. c3 0-0 6. Bg3 Nbd7 7. Be2 c5 8. Na3 a6 9. Nc2 Qb6 10. Rb1 Re8 11. 0-0 cxd4 12. cxd4 Ne4 13. Bd3 Nxg3 14. hxg3 Nf6 15. Na3 Bg4 16. Nc4 Qd8 17. b4 e5 18. Be2 Qe7 19. dxe5 Bxf3 20. exf6 Bxe2 21. fxe7 Bxd1 22. Rbxd1 Rxe7 23. Rxd6 Rb8 24. Rfd1 Re4 25. Rd8+ Rxd8 26. Rxd8+ Bf8 27. Nb6 Kg7 28. a3 Re6 29. Na4 Rc6 30. Rd3 Rc4 31. Nb6 Rc6 32. Na4 Rc4 33. Kf1 a5 34. Nb6 Rc1+ 35. Ke2 axb4 36. axb4 Bxb4 37. Rb3 Rc2+ 38. Kf3 Be1 39. Rb1 Rxf2+ 40. Ke4 f5+ 41. Kd5 Rd2+ 42. Ke6 Bxg3 43. Nc4 Rxg2 44. Rxb7+ Kh6 45. Rb1 Kg5 46. Rh1 h5 47. Ra1 h4 48. Rh1 Kg4 49. Nb6 h3 50. Nd5 h2 51. e4 Re2 52. Kf6 Rxe4 53. Kxg6 Re1 54. Nf6+ Kh3 55. Rxh2+ Bxh2 56. Kxf5 Kh4 0-1

[Event "Leverkusen Bayer op 10th"]
[Site "Leverkusen"]
[Date "2012.01.11"]
[Round "1"]
[White "Longerich, Hans Peter"]
[Black "Maczkowiak, Thomas"]
[Result "0-1"]
[WhiteElo "1320"]
[BlackElo "1846"]
[PlyCount "78"]
[EventDate "2012.01.11"]
[EventType "swiss"]
[EventRounds "7"]
[EventCountry "GER"]
[SourceTitle "EXT 2014"]
[Source "ChessBase"]
[SourceDate "2013.11.20"]
[SourceVersion "1"]
[SourceVersionDate "2013.11.20"]
[SourceQuality "1"]

1. e4 c6 2. d4 d5 3. exd5 cxd5 4. Nf3 Nc6 5. h3 Bf5 6. c4 e6 7. c5 Nf6 8. Be2 Be7 9. Nc3 0-0 10. Nh4 Be4 11. Nf3 b6 12. b3 bxc5 13. 0-0 Bxf3 14. Bxf3 Nxd4 15. Re1 Rc8 16. Bb2 Nd7 17. Be2 Bf6 18. Rb1 Qc7 19. Nb5 Nxb5 20. Bxb5 Bxb2 21. Rxb2 Ne5 22. Qe2 Nc6 23. Bxc6 Qxc6 24. Rc2 Rfd8 25. Rec1 Qb6 26. Qe3 d4 27. Qd3 h6 28. Re1 a6 29. Rd1 Qb5 30. Rc4 Rd5 31. Qc2 Rcd8 32. Rd3 e5 33. f3 e4 34. fxe4 Re5 35. b4 Rxe4 36. bxc5 Re1+ 37. Kf2 Qe8 38. Rcxd4 Rxd4 39. Rxd4 Qe3# 0-1